Mạng truyền thông công nghiệp

保存先:
書誌詳細
第一著者: Hoàng, Minh Sơn
フォーマット: 図書
言語:Undetermined
出版事項: Hà Nội Khoa học và Kỹ thuật 2004
主題:
タグ: タグ追加
タグなし, このレコードへの初めてのタグを付けませんか!
Thư viện lưu trữ: Trung tâm Học liệu Trường Đại học Cần Thơ
LEADER 00565nam a2200193Ia 4500
001 CTU_74786
008 210402s9999 xx 000 0 und d
020 |c 28500 
082 |a 621.3821 
082 |b S464 
100 |a Hoàng, Minh Sơn 
245 0 |a Mạng truyền thông công nghiệp 
245 0 |c Hoàng Minh Sơn 
260 |a Hà Nội 
260 |b Khoa học và Kỹ thuật 
260 |c 2004 
650 |a Computer networks,Telecommunication systems 
904 |i Nguyên 
980 |a Trung tâm Học liệu Trường Đại học Cần Thơ